000 00659nam a22001937a 4500
005 20251108175045.0
008 250721s2011 xx 000 0 ara d
082 1 4 _a346.048/سلا
100 1 _aالسلامات، نادر عبد الحليم
245 1 0 _aعقد الترخيص باستعمال العلامة التجارية في التشريع الأردني :
_bدراسة مقارنة /
264 1 _aعمان :
_bالمؤلف،
_c2011.
300 _a202ص.
650 1 7 _aالقانون التجاري
650 1 7 _aالرخص
650 1 7 _aالعلاقات التجارية
650 1 7 _aالاردن
942 _2ddc
_cBK
999 _c125105
_d125105